000 00509nam a2200169Ia 4500
008 230925s9999||||xx |||||||||||||| ||und||
082 _a629.2293 ALT
100 _aAltaf, Mishal (319519)
_9118224
245 0 _aImpact of Plug-in Electric Vehicle Charging Stations Load on Distribution Network /
260 _bUSPCAS-E, NUST,Islamabad :
_c2023
300 _axiii, 46 p.
520 _aTH-460
650 _vMS Thesis
_918721
650 _vMS EEP Thesis
700 _aDr Muhammad Yousif
942 _cTHE
_2ddc
999 _c603207
_d603207